000 00732nam a2200253Ia 4500
008 160319s9999 xx 000 0 und d
020 _a9712718489 (pbk.)
050 _a920
050 _bF483 2006
245 _aFilipino peace women :
245 _bnominees to the 2005 Nobel Peace Prize /
245 _c[edited by Paulynn P. Sicam and Olivia H. Tripon].
260 _aManila :
260 _bAnvil Pub. Inc.
260 _c2006
300 _axi, 190 p. :
300 _bill. ;
300 _c21 cm.
650 _aPeace -- Awards.
650 _aWomen and peace -- Philippines --
650 _aWomen in the professions -- Philippines.
650 _xBiography.
700 _aSicam, Paulynn Paredes, added author.
999 _c292226
_d292226